[Event "Sant' Anna op 10th"]
[Site "Pisignano di Vernole"]
[Date "2007.08.08"]
[Round "2"]
[White "Fasiello, Andrea"]
[Black "Gissi, Gilberto"]
[Result "1/2-1/2"]
[WhiteElo "1906"]
[BlackElo "2085"]
[PlyCount "62"]
[EventDate "2007.08.07"]
[EventType "swiss"]
[EventRounds "7"]
[EventCountry "ITA"]
[SourceTitle "EXT 2009"]
[Source "ChessBase"]
[SourceDate "2008.11.26"]
[SourceVersion "1"]
[SourceVersionDate "2008.11.26"]
[SourceQuality "1"]

1. e4 c5 2. Nf3 a6 3. d4 cxd4 4. Nxd4 Nf6 5. Bd3 e5 6. Nb3 Nc6 7. Nc3 Bb4 8. Bd2 Bxc3 9. Bxc3 0-0 10. 0-0 d6 11. h3 Qc7 12. Qe2 b5 13. a3 Bb7 14. Rad1 Rfe8 15. Rfe1 Nd7 16. Qe3 Nf8 17. g3 Re6 18. Bf1 Rg6 19. Bg2 a5 20. Qd2 Qb6 21. Qe3 Qc7 22. Qd2 Nd7 23. Bf1 Qb6 24. Qe3 b4 25. axb4 axb4 26. Bd2 h6 27. Ra1 Nd4 28. Rxa8+ Bxa8 29. Nxd4 exd4 30. Qb3 Ne5 31. Bg2 Nc6 1/2-1/2